|
|
|
|
| LEADER |
00000nta a2200000 i 4500 |
| 001 |
dolg2187 |
| 005 |
20210325152526.0 |
| 008 |
160323suuuu hu om 000 hun d |
| 040 |
|
|
|a BGE Dolgozattár Repozitórium
|b hun
|
| 041 |
|
|
|a hu
|
| 100 |
1 |
|
|a Németh Luca Fanni
|
| 245 |
1 |
3 |
|a Az extraverzió, a neuroticitás, a szenzoros élménykeresés és Facebook használat közötti összefüggés vizsgálata
|c Németh Luca Fanni
|h [elektronikus dokumentum]
|
| 246 |
1 |
1 |
|a Az extraverzió, a neuroticitás, a szenzoros élménykeresés és Facebook használat közötti összefüggés vizsgálata
|
| 695 |
|
|
|a Közösségi háló
|
| 695 |
|
|
|a Facebook
|
| 695 |
|
|
|a Hálózati kommunikáció
|
| 700 |
1 |
|
|a Szabóné Nagy Judit
|e ths
|
| 856 |
4 |
0 |
|u http://dolgozattar.uni-bge.hu/2187/1/N%C3%A9meth%20Luca-itj021-szakdolgozat.pdf
|z Dokumentum-elérés
|